Szent-Györgyi Albert kilencven éves- szeptember 14-szerda
műsorajánló
Elmentve itt :
| További közreműködők: | |
|---|---|
| Dokumentumtípus: | Cikk |
| Megjelent: |
Magyarok Világszövetsége
1983-07-23
|
| Sorozat: | Magyar Hírek
36 No. 14-15 |
| Online Access: | http://misc.bibl.u-szeged.hu/74321 |
| LEADER | 00682nab a2200193 i 4500 | ||
|---|---|---|---|
| 001 | misc74321 | ||
| 005 | 20240130135810.0 | ||
| 008 | 231123s1983 hu o 000 hun d | ||
| 022 | |a 0133-090X | ||
| 040 | |a SZTE Miscellanea Repozitórium |b hun | ||
| 041 | |a hun | ||
| 245 | 0 | 0 | |a Szent-Györgyi Albert kilencven éves- szeptember 14-szerda |h [elektronikus dokumentum] |
| 260 | |a Magyarok Világszövetsége |c 1983-07-23 | ||
| 300 | |a 57 | ||
| 490 | 0 | |a Magyar Hírek |v 36 No. 14-15 | |
| 520 | 3 | |a műsorajánló | |
| 561 | |a Szent-Györgyi Albertről szóló irodalom | ||
| 700 | 0 | 1 | |a Képes Tibor |
| 856 | 4 | 0 | |u http://misc.bibl.u-szeged.hu/74321/1/magyar_hirek_1983_036_014-015_057.pdf |z Dokumentum-elérés |